{"text_format":"3","workbook":"xlsx","n_sheets":1,"sheets":["Mi-lista-de-compra"],"not_rendered":{"defined_names":1,"comments":1},"read":"whole","date_system":"1900"}

{"sheet":"Mi-lista-de-compra","index":0,"n_rows":38,"n_cols":23,"rows_kept":38,"merged":[[0,1,0,5],[0,6,0,10],[0,11,6,22],[1,1,1,6],[1,7,1,9],[2,1,2,2],[2,3,2,5],[2,7,2,10],[3,1,3,2],[3,3,3,5],[3,7,3,10],[4,1,4,2],[4,3,4,5],[4,7,4,10],[5,1,5,10],[6,1,6,2],[6,3,6,5],[6,7,6,10],[7,14,7,16],[8,14,8,16],[37,1,37,13]]}
[null,"Reserva de carga con comercializadora\n(Lista de empaque)",{"$nulls":4},"holaYiwu.com",{"$nulls":4},"  INSTRUCCIONES:\n• Completa esta plantilla de lista de empaque llenando todos los campos obligatorios y adjuntando fotos reales. Toda la información y las cifras deben ser exactas y verificables. Si la lista está incompleta o faltan fotos, la carga no será aceptada. Errores, omisiones o datos inexactos pueden causar retrasos y generar costos adicionales que serán asumidos por el remitente.\n• Está prohibido incluir mercancía no declarada dentro de los bultos (sobrepeso, muestras ocultas o artículos prohibidos). Si se detecta, el remitente asumirá total responsabilidad, sanciones y gastos adicionales.\n• No se aceptan productos de marcas de lujo ni mercancía que infrinja derechos de propiedad intelectual. Tampoco se recibirán mercancías peligrosas o reguladas sin la documentación y autorizaciones correspondientes (ej.: baterías, aparatos eléctricos sin certificación, encendedores, esmaltes, inflamables, pirotécnicos). Si la mercancía es retenida o sancionada por autoridades, el remitente será el único responsable.\n• En la casilla de \"DETALLES ADICIONALES\" indica cualquier requisito especial para la nacionalización, certificaciones, etiquetado o instrucciones de manejo.\n•SI TIENES MÁS DE 25 REFERENCIAS, DUPLICA ESTA PLANTILLA Y HAZ LA CONTINUACIÓN NUMERADA (ej.: Lista_Parte1, Lista_Parte2)."]
[null,"DATOS REQUERIDOS PARA LA RESERVA (Rellenar las casillas blancas)",{"$nulls":5},"FORMATO CBK-2"]
[null,"NOMBRE Y APELLIDO:",null,"MARÍA CASALLAS",null,null,"CÓDIGO DE APROBACIÓN:"]
[null,"PAÍS Y CIUDAD DE DESTINO:",null,"LIMA, PERÚ",null,null,"TELÉFONO/WHATSAPP: ","51 12345678"]
[null,"CORREO ELECTRÓNICO:",null,"ELCLIENTE@EMAIL.COM",null,null,"FECHA ESTIMADA DE ENTREGA: ","AAAA/MM/DD"]
[null,"DATOS DE CONTACTO DE LA PERSONA QUIEN DESPACHA TU CARGA EN CHINA"]
[null,"NOMBRE",null,"MISTER WANG",null,null,"TELÉFONO/WHATSAPP/WECHAT: ","15050248023"]
[null,"MARCA DE CAJAS","ITEM NO.","FOTO\nPICTURE","NOMBRE/INGLÉS ENG/DESCRIPTION","NOMBRE\nSPANISH NAME","NOTAS DEL PRODUCTO\nABOUT PRODUCT","EMPAQUE\nPACKAGING","CANTIDAD/CAJA\nQTY/CTN","UNIDAD\nUNIT","CAJAS\nCARTONS","TOTAL piezas\nTOTAL QTY","PRECIO Unidad\nUnit Price","PRECIO TOTAL\nTOTAL PRICE","TAMAÑO DE CAJA\nCARTON SIZE",null,null,"CUBICAJE\nM3/CTN","TOTAL CBM","PESO/CAJA\nWEIGHT/CTN","PESO TOTAL\nTOTAL WEIGHT","CÓDIGO HS ARMONIZADO","DETALLES ADICIONALES (opcional)\nAdditional details"]
[null,"客户唛头","货号","图片","品名","西语品名","货物备注 - 尺寸 - 材质 - 品牌","包装","装箱量","单位","箱数","总数量","单价","总金额","外箱尺寸",null,null,"单箱体积","总体积","单箱重量","总重量","HS编码","附加说明"]
[1,{"$nulls":5},"TAMAÑO: \nMATERIAL: \nMARCA: \nOTROS: ",null,100,"PC",5,{"$f":"K10*I10","v":500},{"v":5,"d":"5.00 RMB"},{"$f":"+M10*L10","v":{"v":2500,"d":"2500.00 RMB"}},23.5,23.5,23.5,{"$f":"+(O10*P10*Q10)/1000000","v":{"v":0.012977875,"d":"0.01"}},{"$f":"R10*K10","v":{"v":0.064889375,"d":"0.06㎥"}},{"v":10,"d":"10.00 KG"},{"$f":"T10*K10","v":{"v":50,"d":"50.00 KG"}}]
[2,{"$nulls":5},"TAMAÑO: \nMATERIAL: \nMARCA: \nOTROS: ",null,20,"PC",5,{"$f":"K11*I11","v":100},{"v":7,"d":"7.00 RMB"},{"$f":"+M11*L11","v":{"v":700,"d":"700.00 RMB"}},{"v":30,"d":"30.0"},{"v":40,"d":"40.0"},{"v":50,"d":"50.0"},{"$f":"+(O11*P11*Q11)/1000000","v":0.06},{"$f":"R11*K11","v":{"v":0.3,"d":"0.30㎥"}},{"v":15,"d":"15.00 KG"},{"$f":"T11*K11","v":{"v":75,"d":"75.00 KG"}}]
[3,{"$nulls":5},"TAMAÑO: \nMATERIAL: \nMARCA: \nOTROS: ",null,12,"PC",5,{"$f":"K12*I12","v":60},{"v":6,"d":"6.00 RMB"},{"v":360,"d":"360.00 RMB"},{"v":30,"d":"30.0"},{"v":40,"d":"40.0"},{"v":50,"d":"50.0"},0.06,{"$f":"R12*K12","v":{"v":0.3,"d":"0.30㎥"}},{"v":12,"d":"12.00 KG"},{"v":60,"d":"60.00 KG"}]
[4,{"$nulls":5},"TAMAÑO: \nMATERIAL: \nMARCA: \nOTROS: ",null,100,"PC",5,{"$f":"K13*I13","v":500},{"v":3,"d":"3.00 RMB"},{"v":1500,"d":"1500.00 RMB"},{"v":33,"d":"33.0"},{"v":24,"d":"24.0"},{"v":50,"d":"50.0"},{"v":0.0396,"d":"0.04"},{"$f":"R13*K13","v":{"v":0.198,"d":"0.20㎥"}},{"v":18,"d":"18.00 KG"},{"v":90,"d":"90.00 KG"}]
[5,{"$nulls":5},"TAMAÑO: \nMATERIAL: \nMARCA: \nOTROS: ",null,20,"PC",5,100,{"v":8,"d":"8.00 RMB"},{"v":800,"d":"800.00 RMB"},23.5,23.5,23.5,0.12,{"v":0.6,"d":"0.60㎥"},{"v":36,"d":"36.00 KG"},{"v":180,"d":"180.00 KG"}]
[6,{"$nulls":5},"TAMAÑO: \nMATERIAL: \nMARCA: \nOTROS: ",null,12,"PC",5,{"$f":"K15*I15","v":60},{"v":5,"d":"5.00 RMB"},{"$f":"+M15*L15","v":{"v":300,"d":"300.00 RMB"}},{"v":30,"d":"30.0"},{"v":40,"d":"40.0"},{"v":50,"d":"50.0"},0.12,{"v":0.6,"d":"0.60㎥"},{"v":22,"d":"22.00 KG"},{"v":110,"d":"110.00 KG"}]
[7,{"$nulls":5},"TAMAÑO: \nMATERIAL: \nMARCA: \nOTROS: ",null,100,"PC",5,500,{"v":7,"d":"7.00 RMB"},{"$f":"+M16*L16","v":{"v":3500,"d":"3500.00 RMB"}},{"v":30,"d":"30.0"},{"v":40,"d":"40.0"},{"v":50,"d":"50.0"},0.12,{"v":0.6,"d":"0.60㎥"},{"v":9,"d":"9.00 KG"},{"v":45,"d":"45.00 KG"}]
[8,{"$nulls":5},"TAMAÑO: \nMATERIAL: \nMARCA: \nOTROS: ",null,20,"PC",5,100,{"v":6,"d":"6.00 RMB"},{"v":600,"d":"600.00 RMB"},{"v":33,"d":"33.0"},{"v":24,"d":"24.0"},{"v":50,"d":"50.0"},0.12,{"v":0.6,"d":"0.60㎥"},{"v":10,"d":"10.00 KG"},{"v":50,"d":"50.00 KG"}]
[9,{"$nulls":5},"TAMAÑO: \nMATERIAL: \nMARCA: \nOTROS: ",null,12,"PC",5,{"$f":"K18*I18","v":60},{"v":3,"d":"3.00 RMB"},{"v":180,"d":"180.00 RMB"},23.5,23.5,23.5,0.15,{"v":0.75,"d":"0.75㎥"},{"v":15,"d":"15.00 KG"},{"v":75,"d":"75.00 KG"}]
[10,{"$nulls":5},"TAMAÑO: \nMATERIAL: \nMARCA: \nOTROS: ",null,100,"PC",5,{"$f":"K19*I19","v":500},{"v":8,"d":"8.00 RMB"},{"v":4000,"d":"4000.00 RMB"},{"v":30,"d":"30.0"},{"v":40,"d":"40.0"},{"v":50,"d":"50.0"},0.15,{"v":0.75,"d":"0.75㎥"},{"v":12,"d":"12.00 KG"},{"v":60,"d":"60.00 KG"}]
[11,{"$nulls":5},"TAMAÑO: \nMATERIAL: \nMARCA: \nOTROS: ",null,20,"PC",5,100,{"v":5,"d":"5.00 RMB"},{"$f":"+M20*L20","v":{"v":500,"d":"500.00 RMB"}},{"v":30,"d":"30.0"},{"v":40,"d":"40.0"},{"v":50,"d":"50.0"},0.15,{"v":0.75,"d":"0.75㎥"},{"v":18,"d":"18.00 KG"},{"v":90,"d":"90.00 KG"}]
[12,{"$nulls":5},"TAMAÑO: \nMATERIAL: \nMARCA: \nOTROS: ",null,12,"PC",5,60,{"v":7,"d":"7.00 RMB"},{"$f":"+M21*L21","v":{"v":420,"d":"420.00 RMB"}},{"v":33,"d":"33.0"},{"v":24,"d":"24.0"},{"v":50,"d":"50.0"},0.03,{"v":0.15,"d":"0.15㎥"},{"v":36,"d":"36.00 KG"},{"v":180,"d":"180.00 KG"}]
[13,{"$nulls":5},"TAMAÑO: \nMATERIAL: \nMARCA: \nOTROS: ",null,100,"PC",5,500,{"v":6,"d":"6.00 RMB"},{"v":3000,"d":"3000.00 RMB"},23.5,23.5,23.5,0.03,{"v":0.15,"d":"0.15㎥"},{"v":22,"d":"22.00 KG"},{"v":110,"d":"110.00 KG"}]
[14,{"$nulls":5},"TAMAÑO: \nMATERIAL: \nMARCA: \nOTROS: ",null,20,"PC",5,100,{"v":3,"d":"3.00 RMB"},{"v":300,"d":"300.00 RMB"},{"v":30,"d":"30.0"},{"v":40,"d":"40.0"},{"v":50,"d":"50.0"},0.03,{"v":0.15,"d":"0.15㎥"},{"v":9,"d":"9.00 KG"},{"v":45,"d":"45.00 KG"}]
[15,{"$nulls":5},"TAMAÑO: \nMATERIAL: \nMARCA: \nOTROS: ",null,12,"PC",5,{"$f":"K24*I24","v":60},{"v":8,"d":"8.00 RMB"},{"v":480,"d":"480.00 RMB"},{"v":30,"d":"30.0"},{"v":40,"d":"40.0"},{"v":50,"d":"50.0"},0.05,{"v":0.25,"d":"0.25㎥"},{"v":10,"d":"10.00 KG"},{"v":50,"d":"50.00 KG"}]
[16,{"$nulls":5},"TAMAÑO: \nMATERIAL: \nMARCA: \nOTROS: ",null,100,"PC",5,500,{"v":5,"d":"5.00 RMB"},{"$f":"+M25*L25","v":{"v":2500,"d":"2500.00 RMB"}},{"v":33,"d":"33.0"},{"v":24,"d":"24.0"},{"v":50,"d":"50.0"},0.05,{"v":0.25,"d":"0.25㎥"},{"v":15,"d":"15.00 KG"},{"v":75,"d":"75.00 KG"}]
[17,{"$nulls":5},"TAMAÑO: \nMATERIAL: \nMARCA: \nOTROS: ",null,20,"PC",5,100,{"v":7,"d":"7.00 RMB"},{"$f":"+M26*L26","v":{"v":700,"d":"700.00 RMB"}},23.5,23.5,23.5,0.05,{"v":0.25,"d":"0.25㎥"},{"v":12,"d":"12.00 KG"},{"v":60,"d":"60.00 KG"}]
[18,{"$nulls":5},"TAMAÑO: \nMATERIAL: \nMARCA: \nOTROS: ",null,12,"PC",5,60,{"v":6,"d":"6.00 RMB"},{"v":360,"d":"360.00 RMB"},{"v":30,"d":"30.0"},{"v":40,"d":"40.0"},{"v":50,"d":"50.0"},0.09,{"v":0.44999999999999996,"d":"0.45㎥"},{"v":18,"d":"18.00 KG"},{"v":90,"d":"90.00 KG"}]
[19,{"$nulls":5},"TAMAÑO: \nMATERIAL: \nMARCA: \nOTROS: ",null,100,"PC",5,500,{"v":3,"d":"3.00 RMB"},{"v":1500,"d":"1500.00 RMB"},{"v":30,"d":"30.0"},{"v":40,"d":"40.0"},{"v":50,"d":"50.0"},0.09,{"v":0.44999999999999996,"d":"0.45㎥"},{"v":36,"d":"36.00 KG"},{"v":180,"d":"180.00 KG"}]
[20,{"$nulls":5},"TAMAÑO: \nMATERIAL: \nMARCA: \nOTROS: ",null,20,"PC",5,100,{"v":8,"d":"8.00 RMB"},{"v":800,"d":"800.00 RMB"},{"v":33,"d":"33.0"},{"v":24,"d":"24.0"},{"v":50,"d":"50.0"},0.12,{"v":0.6,"d":"0.60㎥"},{"v":22,"d":"22.00 KG"},{"v":110,"d":"110.00 KG"}]
[21,{"$nulls":5},"TAMAÑO: \nMATERIAL: \nMARCA: \nOTROS: ",null,12,"PC",5,60,{"v":5,"d":"5.00 RMB"},{"$f":"+M30*L30","v":{"v":300,"d":"300.00 RMB"}},23.5,23.5,23.5,0.11,{"v":0.55,"d":"0.55㎥"},{"v":9,"d":"9.00 KG"},{"v":45,"d":"45.00 KG"}]
[22,{"$nulls":5},"TAMAÑO: \nMATERIAL: \nMARCA: \nOTROS: ",null,100,"PC",5,{"$f":"K31*I31","v":500},{"v":7,"d":"7.00 RMB"},{"$f":"+M31*L31","v":{"v":3500,"d":"3500.00 RMB"}},{"v":30,"d":"30.0"},{"v":40,"d":"40.0"},{"v":50,"d":"50.0"},0.09,{"v":0.44999999999999996,"d":"0.45㎥"},{"v":18,"d":"18.00 KG"},{"v":90,"d":"90.00 KG"}]
[23,{"$nulls":5},"TAMAÑO: \nMATERIAL: \nMARCA: \nOTROS: ",null,20,"PC",5,100,{"v":6,"d":"6.00 RMB"},{"v":600,"d":"600.00 RMB"},{"v":30,"d":"30.0"},{"v":40,"d":"40.0"},{"v":50,"d":"50.0"},0.09,{"v":0.44999999999999996,"d":"0.45㎥"},{"v":36,"d":"36.00 KG"},{"v":180,"d":"180.00 KG"}]
[24,{"$nulls":5},"TAMAÑO: \nMATERIAL: \nMARCA: \nOTROS: ",null,12,"PC",5,{"$f":"K33*I33","v":60},{"v":3,"d":"3.00 RMB"},{"v":180,"d":"180.00 RMB"},{"v":33,"d":"33.0"},{"v":24,"d":"24.0"},{"v":50,"d":"50.0"},0.12,{"v":0.6,"d":"0.60㎥"},{"v":22,"d":"22.00 KG"},{"v":110,"d":"110.00 KG"}]
[25,{"$nulls":5},"TAMAÑO: \nMATERIAL: \nMARCA: \nOTROS: ",null,50,"PC",5,{"$f":"K34*I34","v":250},{"v":8,"d":"8.00 RMB"},{"v":2000,"d":"2000.00 RMB"},{"v":33,"d":"33.0"},{"v":24,"d":"24.0"},{"v":50,"d":"50.0"},0.11,{"v":0.55,"d":"0.55㎥"},{"v":9,"d":"9.00 KG"},{"v":45,"d":"45.00 KG"}]
[{"$nulls":8},"TOTALES:",null,{"$f":"SUM(K10:K34)","v":{"v":125,"d":"125 cajas"}},null,null,{"$f":"SUM(N10:N34)","v":{"v":31580,"d":"31580.0 RMB"}},{"$nulls":4},{"$f":"SUM(S10:S34)","v":{"v":10.812889375000001,"d":"10.81 ㎥"}},null,{"$f":"SUM(U10:U34)","v":{"v":2255,"d":"2255.00 KG"}}]
[]
[null,"NOTAS:"]
[null,"  Procedimiento antes del ingreso al almacén\n  • Tras la verificación y aprobación documental, contactaremos al proveedor o agente de compras para coordinar la recepción en almacén.\n  • El servicio cubre el transporte y logística a destino de acuerdo a lo acordado en la cotización, para ciudades en provincias puede haber costos adicionales, o el cliente puede  contratar el servicio de recogida. Nuestro servicio no cubre inspecciones técnicas o de calidad previas; es responsabilidad del comprador hacer efectuar dichas revisiones antes del envío. Confirmar con cliente y proveedor la veracidad de la información sobre marcas y propiedad intelectual antes del despacho.\n  Notificación al remitente por correo electrónico\n  El remitente recibirá por correo: tarifa aplicable; requisitos y condiciones de rotulado/etiquetado; certificaciones necesarias; y la confirmación de si autorizamos el transporte de la mercancía (aprobada / no aprobada)."]